Radarový výzkum Slunce.

Bibliographic Details
Main Author: Olmr, Jozef (Author)
Format: Article
Language:Slovak
Czech
PhysicalDescription:Obr.
Subjects:

MARC

LEADER 00000nab a2200000 a 4500
001 vtls008825928
003 SK-MaSNL
005 20260304135752.0
008 250505 1976 xo 000 0 slo
015 |a SNBRB1977 
035 |a (uuid)cd6ef2ad-de5a-4635-9c2a-7ee8d95b6b6b 
035 |a urn:nbn:sk:snk-abxer 
035 |a (urnnbn)urn:nbn:sk:snk:ar-a04tl8 
040 |a SNKBUCL  |b slo  |c SNKBUCL  |e AACR2 
041 0 |a cze 
044 |a xo  |c SK 
080 |a 523.9  |2 2001 
080 |a 621.396.96  |2 2001 
100 1 |a Olmr, Jozef  |4 aut  |9 1455413 
245 1 0 |a Radarový výzkum Slunce.  |c Jozef Olmr 
300 |b Obr. 
650 0 7 |a radarový výskum  |2 snkbucl  |9 1455414 
650 0 7 |a radary  |2 snkbucl  |9 83877 
651 7 |a Slnko (hviezda)  |2 snkbucl  |9 56746 
773 0 |t Kozmos  |g Roč. 7, č. 2 (1976), s. 41-42 
850 |a Slovenská národná knižnica 
852 |a Slovenská národná knižnica 
954 |a odborná, vedecká literatúra cudzojazyčná (svetová)  |2 lita 
958 |a article27 
958 |a OND 
958 |a EUIPO 
999 |c 2912146  |d 2914076